Propuesta de diseño geométrico y estructura de pavimento articulado de la segunda etapa del tramo San Juan de Limay-Achuapa. Est.13+000 a 16+000, en el municipio de San Juan de Limay, departamento de Estelí

La investigación presenta un diseño geométrico y estructura de pavimento articulado de 3 km de la segunda etapa de la carretera entre San Juan de Limay –Achuapa, departamento de Estelí utilizando el método AASHTO 93.

Bibliographic Details
Main Authors: Centeno Castillo, Tania Jomary, Centeno Zamora, Edwin Isaac
Other Authors: Tutor: Sánchez Rocha, Keving Roberto
Format: Tesis Section = Libro
Language:Undetermined
Spanish
Published: Managua UNI 2022
Subjects:
LEADER 01245nam a2200289Ia 4500
008 240830s9999 xx 000 0 und d
040 |a BIBLIOTECA-RUPAP/ Mon 625.85 C397 
041 |a spa 
082 |a Mon 625.85 C397 
100 1 |a Centeno Castillo, Tania Jomary 
100 1 |b Centeno Zamora, Edwin Isaac 
245 1 0 |a Propuesta de diseño geométrico y estructura de pavimento articulado de la segunda etapa del tramo San Juan de Limay-Achuapa. Est.13+000 a 16+000, en el municipio de San Juan de Limay, departamento de Estelí 
260 |a Managua  |b UNI  |c 2022 
300 |a 89 p. :il. 
500 |a Contiene: anexos y CD. 
502 |a Tesis (Ingeniero Civil) - UNI, 2022. 
520 3 |a La investigación presenta un diseño geométrico y estructura de pavimento articulado de 3 km de la segunda etapa de la carretera entre San Juan de Limay –Achuapa, departamento de Estelí utilizando el método AASHTO 93. 
650 7 |a PAVIMENTOS 
650 7 |b  PAVIMENTOS DE HORMIGON 
650 7 |c  ESTUDIO DE TRANSITO 
650 7 |d  ESTUDIOS DE SUELOS 
650 7 |e  CARRETERAS-NICARAGUA. 
650 7 |f  INGENIERIA DE CARRETERAS 
700 1 |a Tutor:  |b Sánchez Rocha, Keving Roberto 
942 |c BK  |2 ddc 
991 |a Tesis 
999 |c 19175